Climatología
Gespeichert in:
| Hauptverfasser: | , |
|---|---|
| Format: | Buch |
| Sprache: | Spanisch |
| Veröffentlicht: |
Madrid
Cátedra
2004
|
| Ausgabe: | 3a. ed |
| Schriftenreihe: | Geografía
|
| Schlagworte: | |
| Tags: |
Tag hinzufügen
Keine Tags, Fügen Sie den ersten Tag hinzu!
|
MARC
| LEADER | 00000nam a2200000 a 4500 | ||
|---|---|---|---|
| 001 | UCI5993 | ||
| 003 | CL-VaPUC | ||
| 008 | 080418e20040000SP |||||||||||||||||spa|d | ||
| 020 | |a 8437615313 | ||
| 082 | 0 | 4 | |a 551.6 |b CUA |2 21 |
| 100 | |a Cuadrat, José María |e author |9 418395 | ||
| 700 | 0 | |a Pita, María Fernanda |e author |9 528687 | |
| 245 | 1 | 0 | |a Climatología |
| 250 | |a 3a. ed | ||
| 300 | |a 496 p | ||
| 942 | |c BK | ||
| 945 | |d 20080418 00:00:00 |a rbrito | ||
| 260 | |a Madrid |b Cátedra |c 2004 | ||
| 650 | 0 | |a Climatología |9 262302 | |
| 650 | 0 | |a Condiciones atmosféricas |9 340107 | |
| 650 | 7 | |a TEMPERATURA |2 CL-VaPUC |9 528688 | |
| 650 | 0 | |a Humedad atmosférica |9 351597 | |
| 650 | 0 | |a Precipitaciones |9 357816 | |
| 650 | 0 | |a Tormentas |9 361474 | |
| 650 | 7 | |a PRESION ATMOSFERICA |2 CL-VaPUC |9 360580 | |
| 583 | |a last modification |c 20080418 00:00:00 |k Rodrigo Vera | ||
| 490 | 0 | |a Geografía | |
| 999 | |c 329626 |d 329624 | ||
| 952 | |0 0 |1 0 |4 0 |6 551_600000000000000_CUA_2004 |7 0 |8 A |9 414555 |a BIBING |b BIBING |d 2019-11-22 |i 4429125 |l 2 |o 551.6 CUA 2004 |p 4429125 |r 2025-04-24 |s 2025-04-24 |w 2019-11-22 |y BK |k GEO | ||